000 01028nam a2200265Ia 4500
003 OSt
005 20210823113602.0
008 210310s1940 sp gr 000 0 spa d
040 _aCO-JMCR
_cCO-JMCR
041 1 _aspa
_heng
082 0 4 _a332.77 /
_bN993p
_223
100 1 _aNyboe Andersen, P.
_eautor
_927676
245 1 3 _aLa política económica en el clearing internacional /
_cP. Nyboe Andersen ; traducción del inglés por José Díaz García ; revisión é introducción por Manuel de Torres.
260 _aMadrid, España :
_bAguilar,
_c1942.
300 _axxvii, 309 páginas ;
_c22 cm.
490 0 _aBiblioteca de ciencias económicas, políticas y sociales.
504 _aBibliografía : páginas 305-309.
505 0 _aParte descriptiva. -- Parte teórica.
650 1 4 _aDivisas
_927678
650 2 4 _aCámaras de compensación
_939533
650 2 4 _aPolítica de Clearing
_939534
700 1 _aDíaz García, José,
_etraductor
_94653
700 1 _aTorres, Manuel de,
_etraductor
_93623
942 _2ddc
_cBK
999 _c12242
_d12242